000 00365nam a22001577a 4500
003 MPLRDC
005 20220104114502.0
008 210129b ||||| |||| 00| 0 eng d
082 _a857.457 MLSJ v.3
100 _a不详
245 _a彭公案. 下册
_c
260 _a
_b明亮书局
_c
300 _b
650 _a历史小说
942 _cBK
_o857.457 MLSJ v.3
999 _c7839
_d7829